000 00251nam a22001217a 4500
008 170307b xxu||||| |||| 00| 0 eng d
041 _aeng
080 _a611
100 _a6
101 _aSHM
245 _aHAND CLINICS
_cGILBERT .A
942 _2udc
_cBK
999 _c7010
_d7010